000 00571nam a2200241Ia 4500
008 181129s9999 xx 000 0 und d
020 _a9780007920693
050 _bA717 2012
100 _aAristotle.
245 4 _aThe art of Rhetoric /
245 0 _cby Aristotle.
260 _aNew York, NY :
260 _bCollins Classics,
260 _c2012
300 _a238 pages :
300 _billustrations ;
300 _c18cm.
440 _aCollins classics.
650 _aRhetoric, Ancient.
650 _aRhetoric.
700 _aSeries.
700 _aTitle.
999 _c360156
_d360156